Caracterización del proceso de sellado térmico del empaque de un catéter en el área de electrofisiología para la determinación de los valores adecuados de las variables del proceso

Tallennettuna:
Bibliografiset tiedot
Päätekijä: Cabrera Fernández, María Fernanda, 1994-
Muut tekijät: Richmond Salazar Esteban, 1979- Director del TFG
Aineistotyyppi: Kirja
Kieli:Spanish
Julkaistu: San José, Costa Rica 2019
Aiheet:
Tagit: Lisää tagi
Ei tageja, Lisää ensimmäinen tagi!

MARC

LEADER 00000nam a2200000Ia 4500
003 013523
005 20230508091519.0
008 140116s2019 cr a 000 ||spa d
040 |c cru CEDI 
100 |a Cabrera Fernández, María Fernanda, 1994-  |9 334 
245 |a Caracterización del proceso de sellado térmico del empaque de un catéter en el área de electrofisiología para la determinación de los valores adecuados de las variables del proceso  
260 |a  San José, Costa Rica  |c 2019 
500 |a  Práctica dirigida (licenciatura en ingeniería química)--Universidad de Costa Rica. Facultad de Ingeniería. Escuela de Ingeniería Química 
501 |a Directora de Práctica de Graduación: M.Sc Paula Solano Sánchez 
650 |x EMPAQUE   |x CONTROL DE PROCESOS QUIMICOS   |x POLIMEROS   |x MEDICINA - APARATOS E INSTRUMENTOS  |x CATETERES - PRUEBAS   |x SELLADO (TECNOLOGIA)   |x CATETERES - FABRICACION - CONTROL DE CALIDAD  
700 |a Richmond Salazar Esteban, 1979-  |d Director del TFG   |9 22 
942 |c CEDI  |h TFG 8674  |6 TFG_8674_000000000000000 
999 |c 22025  |d 22025